| 000 | 00000nam 2200000zi 4500 |
| 001 | 9.688736 |
| 003 | CaOODSP |
| 005 | 20221107134452 |
| 006 | m o d f |
| 007 | cr cn||||||||| |
| 008 | 150407e199905##onc|||||ob f000 0 eng d |
| 020 | |z0662642783 |
| 040 | |aCaOODSP|beng|erda|cCaOODSP |
| 043 | |an-cn--- |
| 086 | 1 |aJ2-161/1999E-PDF|zJ2-161/1999 |
| 245 | 04|aThe Corruption of Foreign Public Officials Act : |ba guide. |
| 264 | 1|aOttawa : |bDepartment of Justice Canada, |cMay 1999. |
| 300 | |a1 online resource (12 pages) |
| 336 | |atext|btxt|2rdacontent |
| 337 | |acomputer|bc|2rdamedia |
| 338 | |aonline resource|bcr|2rdacarrier |
| 500 | |aIssued also in French under title : Loi sur la corruption d'agents publics étrangers : un guide. |
| 504 | |aIncludes bibliographical references (page 12). |
| 590 | |a06-11-Supp|b2006-10-10 |
| 650 | 0|aLobbying|xLaw and legislation|zCanada. |
| 650 | 0|aForeign agents|xLegal status, laws, etc.|zCanada. |
| 650 | 0|aCivil service|xCorrupt practices|zCanada. |
| 651 | 0|aCanada|xForeign relations |xLaw and legislation. |
| 710 | 1 |aCanada. |bDepartment of Justice, |eissuing body. |
| 775 | 08|tLa Loi sur la corruption d'agents publics étrangers : |w(CaOODSP)9.633152 |
| 856 | 40|qPDF|s58 KB|uhttps://publications.gc.ca/collections/Collection/J2-161-1999E.pdf |